000 00321nam a22001337a 4500
008 170912b xxu||||| |||| 00| 0 eng d
020 _a9780670038589
041 _aeng
080 _a53
100 _a43
101 _aFIZ
245 _aFAUST IN COPENHAGEN A STRUGGLE FOR THE SOUL OF PHYSICS
_cSEGRE,G
942 _2udc
_cBK
999 _c27354
_d27354